00274nam a2200121Ia 45000030006000000080041000060400015000471000016000622450020000782600025000985460012001230050017001350STCL150530s9999 xx 000 0 und d aSTCLcSTCL aAllen, A.B. aStudy of botany bAddison Wesleyc1970 aEnglish20220125170401.0